000 00244nam a2200097Ia 4500
001 693018
005 20250826161906.0
008 250824s9999 xx 000 0 und d
245 0 _aTUTSAK GÜNEŞ/A.KULİN/EVEREST
_cAYŞE KULİN
260 _bEVEREST
999 _c693018
_d693018